000 00186 a2200097 4500
020 _a9780746034330
041 _aspa
100 _aAndy Dixon
245 _aEn Busca del Dragon
942 _cK
999 _c31384
_d31382